000 00499nam a2200193Ia 4500
005 20250508151818.0
008 008 250505s9999 xx 000 0 rus d
037 _aBooks to be hide in OPAC
040 _aFEDL
_beng
_cFEDL
041 _arus
_2eng
084 _qFEDL
100 _aKostin N A
_9760039
245 0 _aText book of Russian language for class II of elementary school
260 _c1956
300 _a127p.
546 _aWeeded out
942 _cHB
999 _c1332261
_d1332261